Normal view MARC view

Entry Personal Name

Number of records used in: 1

001 - CONTROL NUMBER

  • control field: 978

003 - CONTROL NUMBER IDENTIFIER

  • control field: DLC

005 - DATE AND TIME OF LATEST TRANSACTION

  • control field: 20191231141733.0

008 - FIXED-LENGTH DATA ELEMENTS

  • fixed length control field: 800811n| azannaab |a aaa

010 ## - LIBRARY OF CONGRESS CONTROL NUMBER

  • LC control number: n 50048078

040 ## - CATALOGING SOURCE

  • Original cataloging agency: DLC
  • Language of cataloging: eng
  • Description conventions: rda
  • Transcribing agency: DLC
  • Modifying agency: DLC

100 1# - HEADING--PERSONAL NAME

  • Personal name: King, J. E.
  • Fuller form of name: (John Edward)

378 ## - FULLER FORM OF PERSONAL NAME

  • Fuller form of personal name: John Edward

400 10 - SEE FROM TRACING--PERSONAL NAME

  • Control subfield: nna
  • Personal name: King, John Edward

670 ## - SOURCE DATA FOUND

  • Source citation: His Labour economics, 1972.

670 ## - SOURCE DATA FOUND

  • Source citation: Dutton, H. I. Ten per cent and no surrender, 1981:
  • Information found: t.p. (J. E. King)

670 ## - SOURCE DATA FOUND

  • Source citation: Howard, M.C. The political economy of Marx, 1985:
  • Information found: CIP t.p. (J.E. King) data sheet (b. 4/17/47)

670 ## - SOURCE DATA FOUND

  • Source citation: Information from 678 converted Dec. 8, 2014
  • Information found: (Lectr. in Econ., Univ. of Lancaster; B.A.)

Powered by Koha